|
|
|
แสดงรายละเอียดบรรณานุกรม |
|
|
Brief Record
: Get Marc (ISO 2709)
: E-mail record
: |
|
|
| LEADER 01174nam 2200277 a 4500 | |||
| 001 21906 | |||
| 003 ULIBM | |||
| 008 030417s2004 caua sb 001 0 eng | |||
| 020 ^a9745093769 | |||
| 082 ^a001.642^bw-s | |||
| 100 ^aWiener, S. Richard | |||
| 245 ^aหลักการโปรแกรม Object - Oriented และภาษา C++/^cS. Richard Wiener | |||
| 260 ^aกรุงเทพฯ:^bซีเอ็ดยูเคชั่น,^cม.ป.ป. | |||
| 300 ^a261 หน้า | |||
| 700 ^aนพดล ตังควรรณวานิช,^eผู้แปล | |||
| 913 ^aImported by ULIBM Administrator | |||
| 949 ^aImport form external file by ULIBM system | |||
| คุณยังไม่ได้ล็อกอิน คุณสามารถมีกิจกรรมร่วมกับเว็บไซต์ได้ แต่ต้องล็อกอินก่อน :: |
|
| สถานะ | |||||||||
| 1. | หนังสือ | 001.642 w-s 2004 Barcode: 041404 | ►หนังสือทั่วไป | On Shelf ขอยืม | |||||
| [แสดง 1/1 รายการ] | |||||||||

BibComment |
| คอมเมนท์ทรัพยากรรายการนี้ |
|
|
ห้องสมุดโรงเรียนสามัคคีวิทยาคม
159 ถ.บรรพปราการ ต.เวียง อ.เมือง จ.เชียงราย 57000
โทร. 053-711018 โทรสาร 053-713003